Catálogo
 En Linea

Tesoro de la lengua castellana o española según la impresión de 1611, / (Registro nro. 33835)

Detalles MARC
000 -CABECERA
campo de control de longitud fija 00725nam a2200169 a 4500
001 - NÚMERO DE CONTROL
campo de control 000034344
005 - FECHA Y HORA DE LA ÚLTIMA TRANSACCIÓN
campo de control 20200930073641.0
008 - DATOS DE LONGITUD FIJA--INFORMACIÓN GENERAL
campo de control de longitud fija 111003s1943 es 000 0 spa d
040 ## - FUENTE DE LA CATALOGACIÓN
Centro catalogador/agencia de origen DO-SdBNP
100 1# - ENTRADA PRINCIPAL--NOMBRE DE PERSONA
Nombre de persona Covarrubias Orozco, Sebastián de,
Fechas asociadas al nombre 1539-1613.
9 (RLIN) 59767
245 10 - MENCIÓN DE TÍTULO
Título Tesoro de la lengua castellana o española según la impresión de 1611, /
Mención de responsabilidad, etc. Sebastián de Covarrubias Orozco ; con las adiciones de Benito Remigio Noydens publicidades en la de 1674.
260 ## - PUBLICACIÓN, DISTRIBUCIÓN, ETC.
Lugar de publicación, distribución, etc. Barcelona :
Nombre del editor, distribuidor, etc. S.A. Horta,
Fecha de publicación, distribución, etc. 1943.
300 ## - DESCRIPCIÓN FÍSICA
Extensión xv, 1093 p. ;
Dimensiones 28 cm.
533 ## - NOTA DE REPRODUCCIÓN
Tipo de reproducción facsimil.
Lugar de la reproducción Madrid
Institución responsable de la reproducción Luis Sánchez
Fecha de la reproducción 1611
700 1# - PUNTO DE ACCESO ADICIONAL--NOMBRE DE PERSONA
Nombre de persona Remigio Noydens, Benito
Término indicativo de función/relación ed
9 (RLIN) 59768
700 1# - PUNTO DE ACCESO ADICIONAL--NOMBRE DE PERSONA
Nombre de persona Riquer, Martín de,
Títulos y otros términos asociados al nombre conde de Casa Dávalos,
Fechas asociadas al nombre 1914-
Término indicativo de función/relación ed.
9 (RLIN) 42283
Existencias
Estado de retiro Estado de pérdida Restricciones de uso No para préstamo Código de colección Localización permanente Ubicación/localización actual Ubicación en estantería Fecha de adquisición Número de inventario Total de préstamos Signatura topográfica completa Código de barras Fecha visto por última vez Precio válido a partir de Tipo de ítem Koha
        Monografías: Libros y Folletos General General Orden iniciada 03.10.2011 LF1   34344-10 25.06.2020 25.06.2020 No se presta

Con tecnología Koha